Classics Up To Date 5 (Record n. 99059)

Dettagli MARC
000 -LEADER
fixed length control field 02298njm a2200421Ia 4500
001 - CONTROL NUMBER
control field 24649
003 - CONTROL NUMBER IDENTIFIER
control field IT-RoPAU
005 - DATE AND TIME OF LATEST TRANSACTION
control field 20220918181112.0
008 - FIXED-LENGTH DATA ELEMENTS--GENERAL INFORMATION
fixed length control field 131025s9999 xx 000 0 und d
040 ## - CATALOGING SOURCE
Original cataloging agency IT-RoPAU
040 ## - CATALOGING SOURCE
Transcribing agency IT-RoPAU
999 ## - SYSTEM CONTROL NUMBERS (KOHA)
Koha Dewey Subclass [OBSOLETE] n.d.
100 ## - MAIN ENTRY--PERSONAL NAME
Personal name AA.VV.
9 (RLIN) 794
100 ## - MAIN ENTRY--PERSONAL NAME
Relator term Autore musica
9 (RLIN) 11286
100 ## - MAIN ENTRY--PERSONAL NAME
Miscellaneous information Codice autore musica SPICS: 12000
9 (RLIN) 796
245 ## - TITLE STATEMENT
Title Classics Up To Date 5
250 ## - EDITION STATEMENT
Edition statement 1a ed.
260 ## - PUBLICATION, DISTRIBUTION, ETC. (IMPRINT)
Place of publication, distribution, etc. ITALIA
260 ## - PUBLICATION, DISTRIBUTION, ETC. (IMPRINT)
Name of publisher, distributor, etc. POLYDOR
Date of publication, distribution, etc. 1978 [1a Ed.:1978]
300 ## - PHYSICAL DESCRIPTION
Extent DISCO
300 ## - PHYSICAL DESCRIPTION
Dimensions 42 minuti (Testo: pag.)
500 ## - GENERAL NOTE
General note Musica strumentale. Arrangiamento di celebri brani strumentali
505 ## - FORMATTED CONTENTS NOTE
Formatted contents note Ballade pour Adeline (4:00) - Adagio Aus Der Sonate n 6 (6:00) - Romance (4:00) - Jog Din Oas (5:00) - Concerto in fa(4:00) - Zwischenspiel Aus Notre Dame (4:00) - Nocturne op 27 n 2(5:00) - Sonata n 3 (4:00) - Chanson triste (4:00) - Nocturne op 37 n 2 (4:00) - Largo(2:00) - Piece n 1 (5:00)
650 ## - SUBJECT ADDED ENTRY--TOPICAL TERM
Topical term or geographic name as entry element ARRANGIAMENTO [DISCHI]
Relator term Codice MATERIA SPICS: 9950
9 (RLIN) 11287
700 ## - ADDED ENTRY--PERSONAL NAME
Personal name Last James
Relator term Interprete
Miscellaneous information Codice interprete SPICS: 10976
9 (RLIN) 11288
700 ## - ADDED ENTRY--PERSONAL NAME
Personal name Last James
Miscellaneous information Codice autore SPICS: 10976
Relator term Autore
9 (RLIN) 9404
700 ## - ADDED ENTRY--PERSONAL NAME
Personal name Senneville Paul De
Miscellaneous information Codice autore musica SPICS: 14362
Relator term Autore musica
Name of part/section of a work Ballade pour Adeline
9 (RLIN) 11289
700 ## - ADDED ENTRY--PERSONAL NAME
Personal name Toussaint Olivier
Miscellaneous information Codice autore SPICS: 14363
Relator term Autore
Name of part/section of a work Ballade pour Adeline
9 (RLIN) 11290
700 ## - ADDED ENTRY--PERSONAL NAME
Personal name Mozart Wolfgang Amadeus
Miscellaneous information Codice autore musica SPICS: 3486
Relator term Autore musica
Name of part/section of a work Adagio Aus Der Sonate n 6
9 (RLIN) 11291
700 ## - ADDED ENTRY--PERSONAL NAME
Personal name Cajkovskij Petr Llijch
Miscellaneous information Codice autore musica SPICS: 10808
Relator term Autore musica
Name of part/section of a work Romance - Chanson triste
9 (RLIN) 11292
700 ## - ADDED ENTRY--PERSONAL NAME
Personal name Anonimo
Miscellaneous information Codice autore musica SPICS: 2620
Relator term Autore musica
Name of part/section of a work Jog Din Oas
9 (RLIN) 11293
700 ## - ADDED ENTRY--PERSONAL NAME
Personal name Albinoni Tomaso
Miscellaneous information Codice autore musica SPICS: 7834
Relator term Autore musica
Name of part/section of a work Concerto in fa
9 (RLIN) 11294
700 ## - ADDED ENTRY--PERSONAL NAME
Personal name Schmidt Franz
Miscellaneous information Codice autore musica SPICS: 1467
Relator term Autore musica
Name of part/section of a work Zwischenspiel Aus Notre Dame
9 (RLIN) 11295
700 ## - ADDED ENTRY--PERSONAL NAME
Personal name Chopin Fryderyk
Miscellaneous information Codice autore musica SPICS: 8056
Relator term Autore musica
Name of part/section of a work Nocturne op 27 n 2 - Nocturne op 37 n 2
9 (RLIN) 11296
700 ## - ADDED ENTRY--PERSONAL NAME
Personal name Corelli Arcangelo
Miscellaneous information Codice autore musica SPICS: 7993
Relator term Autore musica
Name of part/section of a work Sonata n 3 - Largo
9 (RLIN) 11297
700 ## - ADDED ENTRY--PERSONAL NAME
Personal name Last Ronald
Miscellaneous information Codice autore musica SPICS: 15710
Relator term Autore musica
Name of part/section of a work Piece n 1
9 (RLIN) 11298
942 ## - ADDED ENTRY ELEMENTS (KOHA)
Koha item type DISCHI
Source of classification or shelving scheme Dewey Decimal Classification
Dati di copia
Withdrawn status Lost status Damaged status Not for loan Home library Current library Date acquired Total Checkouts Full call number Date last seen Price effective from Koha item type Public note
    Buone Condizioni Not For Loan SPICS-MEDIATECA SPICS-MEDIATECA 25/10/2013   24649 25/10/2013 25/10/2013 DISCHI Progr. Ins.: 5344 / N.Vol.: 1 / Copie: 1 - Copia rara: n.d. / date import: 01.01.2014 - By Epidotti, Trombetti, Vaglietti
CREDITS: SOCIETA' SAN PAOLO Via A.Severo, 58 - ROMA (RM) & PERIODICI SAN PAOLO SRL Via Giotto, 36 MILANO & CISF Via Giotto, 36 MILANO & EDIZIONI SAN PAOLO SRL,  Piazza Soncino, 5 CINISELLO BALSAMO (MI) -- ITALY